| 000 | 00914nam a22002537a 4500 | ||
|---|---|---|---|
| 999 |
_c15984 _d15984 |
||
| 003 | AR-CdUCM | ||
| 008 | 190326b ||||| |||| 00| 0 spa d | ||
| 040 |
_aMUNICIPALIDAD PROVINCIAL DEL CUSCO _cBIBLIOTECA MUNICIPAL DEL CUSCO |
||
| 082 |
_a320.985 / _bC19 |
||
| 100 |
_aCalderon Cockburn, Julio _935248 |
||
| 245 |
_aPerú 1968 - 1974 : _bCronología politica / |
||
| 260 |
_aLima : _bDESCO, Centro de Estudios y Promoción del Desarrollo, Área de Estudios Políticos, _c1975. |
||
| 300 |
_a765-1134 paginas : _c20 cm. |
||
| 505 | _aContenido: t.3:Enero 1974 -- febrero 1974 -- marzo 1974 -- el estado -- fuerzas sociales.... | ||
| 650 |
_aPerú _935 |
||
| 650 |
_aGobierno _92618 |
||
| 650 |
_aHistoria _9136 |
||
| 650 |
_aCronologia _963 |
||
| 650 |
_aRevolución _9844 |
||
| 700 |
_aFilomeno, Alfredo _935249 |
||
| 700 |
_aPease Garcia, Henry _93185 |
||
| 942 |
_2ddc _cLIBROS |
||
| 945 |
_apjha _d2019-04-30 |
||